Desigualdad y exclusión: doctrina social de la iglesia y realidad nacional

Na minha lista:
Detalhes bibliográficos
Formato: Texto
Publicado em: San José: Vicaría Episcopal de Pastoral Social
Assuntos:
Tags: Adicionar Tag
Sem tags, seja o primeiro a adicionar uma tag!

MARC

LEADER 00000 a a2200000 04500
001 33299
003
040
090 |a 0005 V628d  
245 |a Desigualdad y exclusión: doctrina social de la iglesia y realidad nacional  
260 |a San José:   |b Vicaría Episcopal de Pastoral Social  
300 |a 157 p.  
650 |a POBREZA  
650 |a MEDICION  
650 |a COSTA RICA  
650 |a POBREZA  
999 |c 13219  |d 13219